[Event "As CC-ch B"]
[Site "As"]
[Date "2017.02.09"]
[Round "4"]
[White "Aalmo, Alexander"]
[Black "Naasen, Nils"]
[Result "0-1"]
[WhiteElo "1183"]
[BlackElo "1320"]
[PlyCount "114"]
[EventDate "2017.01.12"]
[EventType "swiss"]
[EventRounds "9"]
[EventCountry "NOR"]
[SourceTitle "EXT 2024"]
[Source "ChessBase"]
[SourceDate "2023.10.10"]
[SourceVersion "1"]
[SourceVersionDate "2023.10.10"]
[SourceQuality "1"]

1. d4 c5 2. Nf3 Nf6 3. c3 e6 4. Bf4 d5 5. Nbd2 Nc6 6. h3 cxd4 7. cxd4 Bd6 8. Bxd6 Qxd6 9. e3 0-0 10. a3 Bd7 11. Be2 Rfc8 12. 0-0 Rc7 13. Nb3 e5 14. dxe5 Nxe5 15. Nbd4 a6 16. Nxe5 Qxe5 17. Bf3 Rac8 18. Qd2 g6 19. Rfc1 Ne4 20. Qe1 f5 21. Rxc7 Qxc7 22. Bd1 Kf7 23. Bb3 Be6 24. Ba2 Kf6 25. Rd1 Bf7 26. f3 Nc5 27. Qh4+ Kg7 28. Ne2 Qe5 29. Qd4 Qxd4 30. Nxd4 Na4 31. Rd2 Nb6 32. Ne2 Nc4 33. Rc2 Re8 34. Bxc4 dxc4 35. Kf2 b5 36. Nd4 Rd8 37. Rc3 Kf6 38. Ke2 Rd6 39. f4 Bd5 40. g3 Bg2 41. h4 Be4 42. Kd2 h6 43. Ke2 g5 44. hxg5+ hxg5 45. Rc1 gxf4 46. gxf4 Rd7 47. Rf1 Bd3+ 48. Kf2 Bxf1 49. Kxf1 Rd5 50. Ke2 a5 51. Kd2 b4 52. axb4 axb4 53. Kc2 Rxd4 54. exd4 Ke6 55. b3 cxb3+ 56. Kxb3 Kd5 57. Kxb4 Kxd4 0-1

[Event "As Autumn"]
[Site "As"]
[Date "2015.10.15"]
[Round "6"]
[White "Naasen, Nils"]
[Black "Moen, Olav Baade"]
[Result "1/2-1/2"]
[WhiteElo "1314"]
[BlackElo "1413"]
[PlyCount "107"]
[EventDate "2015.09.03"]
[EventType "swiss"]
[EventRounds "9"]
[EventCountry "NOR"]
[SourceTitle "EXT 2024"]
[Source "ChessBase"]
[SourceDate "2023.10.10"]
[SourceVersion "1"]
[SourceVersionDate "2023.10.10"]
[SourceQuality "1"]

1. e4 c5 2. Nc3 Nc6 3. f4 e6 4. Nf3 d5 5. exd5 exd5 6. Bb5 Nf6 7. d4 a6 8. Qe2+ Qe7 9. Bxc6+ bxc6 10. dxc5 Qxe2+ 11. Nxe2 Bxc5 12. c3 a5 13. Ned4 0-0 14. 0-0 Ba6 15. Re1 Rfe8 16. Bd2 Ne4 17. Be3 Bxd4 18. Nxd4 Reb8 19. Nxc6 Rxb2 20. Ne7+ Kh8 21. Nxd5 Bb7 22. Bc1 Rc2 23. Ne3 Nxc3 24. Nxc2 Bd5 25. a3 Rc8 26. Bb2 Na4 27. Bd4 h6 28. Rac1 Rc4 29. Ba1 Rxf4 30. Ne3 Be6 31. g3 Re4 32. Bc3 Nxc3 33. Rxc3 a4 34. Kf2 Rd4 35. Rd1 Re4 36. Rd2 Re5 37. Rd4 Bb3 38. Rc8+ Kh7 39. g4 Rb5 40. Rdd8 Be6 41. Rh8+ Kg6 42. Rc6 Rb2+ 43. Kg3 Rb3 44. h4 Rxe3+ 45. Kf4 Rxa3 46. Ra6 Kf6 47. g5+ hxg5+ 48. hxg5+ Ke7 49. Ra7+ Kd6 50. Rd8+ Kc6 51. Rd4 Kb5 52. Rb7+ Ka6 53. Rdb4 Rb3 54. R7b6+ 1/2-1/2

[Event "As Autumn"]
[Site "As"]
[Date "2015.09.17"]
[Round "3"]
[White "Aalmo, Alexander"]
[Black "Naasen, Nils"]
[Result "1/2-1/2"]
[WhiteElo "1197"]
[BlackElo "1314"]
[PlyCount "73"]
[EventDate "2015.09.03"]
[EventType "swiss"]
[EventRounds "9"]
[EventCountry "NOR"]
[SourceTitle "EXT 2024"]
[Source "ChessBase"]
[SourceDate "2023.10.10"]
[SourceVersion "1"]
[SourceVersionDate "2023.10.10"]
[SourceQuality "1"]

1. d4 f5 2. h3 Nf6 3. g4 fxg4 4. hxg4 Nxg4 5. Qd3 g6 6. Rxh7 Rxh7 7. Qxg6+ Rf7 8. Qxg4 d5 9. Qh5 Qd6 10. Nf3 Bf5 11. Ne5 Qe6 12. Qxf7+ Qxf7 13. Nxf7 Kxf7 14. Bg2 c6 15. Nc3 e6 16. e4 dxe4 17. Nxe4 Be7 18. Bf4 Nd7 19. 0-0-0 Rg8 20. Bg3 Nf6 21. Nd2 Nh5 22. Nf1 Bg5+ 23. Kb1 Bf4 24. Bxf4 Nxf4 25. Bf3 Rg1 26. Ne3 Rxd1+ 27. Bxd1 Kf6 28. f3 e5 29. dxe5+ Kxe5 30. Nf1 Ng2 31. Kc1 Kf4 32. c4 Bd3 33. Nd2 Ke3 34. c5 Ne1 35. b3 Ng2 36. a3 Nf4 37. b4 1/2-1/2

[Event "Follo CC-ch"]
[Site "Follo"]
[Date "2015.03.19"]
[Round "7"]
[White "Fuglseth, Jan"]
[Black "Naasen, Nils"]
[Result "1-0"]
[WhiteElo "1404"]
[BlackElo "1239"]
[PlyCount "69"]
[EventDate "2015.01.15"]
[EventType "swiss"]
[EventRounds "9"]
[EventCountry "NOR"]
[SourceTitle "EXT 2017"]
[Source "ChessBase"]
[SourceDate "2016.10.25"]
[SourceVersion "1"]
[SourceVersionDate "2016.10.25"]
[SourceQuality "1"]

1. c4 e5 2. Nc3 Nf6 3. Nf3 Nc6 4. g3 Bb4 5. Bg2 0-0 6. 0-0 Bxc3 7. bxc3 Re8 8. Qc2 d6 9. Rb1 Ne7 10. d4 Bf5 11. Qb3 Bxb1 12. Qxb1 exd4 13. cxd4 Rb8 14. Bb2 Ng6 15. e3 c6 16. h4 h6 17. Bh3 Qe7 18. Bf5 Nf8 19. Nd2 g6 20. Bd3 d5 21. Nf3 Ne4 22. cxd5 cxd5 23. Ne5 Nd2 24. Qd1 Nxf1 25. Kxf1 Kg7 26. Qf3 Qe6 27. h5 Qh3+ 28. Ke2 Rxe5 29. dxe5 Qxh5 30. e6+ f6 31. Bxf6+ Kg8 32. g4 Qh2 33. Qxd5 Qc7 34. e7+ Kh7 35. Qf7# 1-0

[Event "IECG TE.2004.S.01505"]
[Site "IECG email"]
[Date "2005.08.19"]
[Round "?"]
[White "Naasen, Nils"]
[Black "Ottenweller, Wolfgang"]
[Result "0-1"]
[WhiteElo "1858"]
[BlackElo "2051"]
[PlyCount "38"]
[EventDate "2005.08.19"]
[EventType "tourn (corr)"]
[EventRounds "8"]
[SourceTitle "Corr 2008"]
[Source "ChessBase"]
[SourceDate "2008.06.24"]
[SourceVersion "1"]
[SourceVersionDate "2008.06.24"]
[SourceQuality "1"]

1. e4 e6 2. d4 d5 3. Nc3 Nf6 4. Bg5 Bb4 5. e5 h6 6. Bd2 Bxc3 7. bxc3 Ne4 8. Qg4 g5 9. h4 Rg8 10. Nf3 c5 11. hxg5 hxg5 12. Rh7 Nc6 13. Bd3 Nxd2 14. Kxd2 cxd4 15. cxd4 Qa5+ 16. c3 Bd7 17. Qh5 0-0-0 18. g4 Kb8 19. a4 Be8 0-1

[Event "IECG TE.2004.P.01704 email"]
[Site "IECG email"]
[Date "2004.12.27"]
[Round "?"]
[White "Howes, Tony"]
[Black "Naasen, Nils"]
[Result "0-1"]
[WhiteElo "1345"]
[BlackElo "1916"]
[PlyCount "38"]
[EventDate "2004.12.27"]
[EventType "tourn (corr)"]
[EventRounds "8"]
[SourceTitle "Corr 2008"]
[Source "ChessBase"]
[SourceDate "2008.06.24"]
[SourceVersion "1"]
[SourceVersionDate "2008.06.24"]
[SourceQuality "1"]

1. b4 e5 2. Bb2 f6 3. e4 Bxb4 4. Bc4 Ne7 5. f4 d5 6. exd5 Nxd5 7. fxe5 Ne3 8. Qe2 f5 9. Bd3 Ng4 10. Nf3 Nc6 11. e6 0-0 12. 0-0 Qd6 13. Bc4 Re8 14. c3 Bc5+ 15. d4 Bxe6 16. Re1 Bxc4 17. Qxc4+ Kh8 18. Qxc5 Rxe1+ 19. Nxe1 Qxh2+ 0-1

[Event "IECG TE.2004.P.01704 email"]
[Site "IECG email"]
[Date "2004.12.27"]
[Round "?"]
[White "Naasen, Nils"]
[Black "Legg, Jerry"]
[Result "1-0"]
[WhiteElo "1916"]
[BlackElo "1735"]
[PlyCount "51"]
[EventDate "2004.12.27"]
[EventType "tourn (corr)"]
[EventRounds "8"]
[SourceTitle "Corr 2008"]
[Source "ChessBase"]
[SourceDate "2008.06.24"]
[SourceVersion "1"]
[SourceVersionDate "2008.06.24"]
[SourceQuality "1"]

1. b4 e5 2. Bb2 f6 3. a3 d5 4. e3 Bd6 5. c4 dxc4 6. Bxc4 Ne7 7. Nf3 Bg4 8. h3 Bh5 9. Nc3 Nd7 10. 0-0 Nb6 11. Ba2 Qd7 12. Nxe5 Bxe5 13. Qxh5+ g6 14. Qe2 0-0-0 15. d4 Bd6 16. Rad1 Kb8 17. Ne4 Rhf8 18. Nc5 Bxc5 19. dxc5 Qc8 20. cxb6 axb6 21. Rxd8 Qxd8 22. Rd1 Qc8 23. Qd3 Nc6 24. Qd7 Qxd7 25. Rxd7 h6 26. Rf7 1-0

[Event "IECG TE.2004.P.01702 email"]
[Site "IECG email"]
[Date "2004.12.27"]
[Round "?"]
[White "Naasen, Nils"]
[Black "Sala, Stefano"]
[Result "1/2-1/2"]
[WhiteElo "1916"]
[BlackElo "1395"]
[PlyCount "62"]
[EventDate "2004.12.27"]
[EventType "tourn (corr)"]
[EventRounds "8"]
[SourceTitle "Corr 2008"]
[Source "ChessBase"]
[SourceDate "2008.06.24"]
[SourceVersion "1"]
[SourceVersionDate "2008.06.24"]
[SourceQuality "1"]

1. b4 e5 2. Bb2 Bxb4 3. Bxe5 Nf6 4. Bc3 Nc6 5. e3 0-0 6. Nf3 Bxc3 7. Nxc3 d5 8. d4 Re8 9. Bb5 Qd6 10. Qd2 a6 11. Bxc6 Qxc6 12. 0-0 b5 13. Rfb1 Rb8 14. Qd3 Ne4 15. Nd1 Qf6 16. Ne5 c5 17. f3 cxd4 18. exd4 Nc5 19. Qd2 Ne6 20. c3 Nf4 21. Ne3 Qg5 22. Re1 Rb6 23. Kh1 f6 24. Nd3 Rbe6 25. Nf1 Ne2 26. Qxg5 fxg5 27. Ng3 Nxc3 28. Rxe6 Bxe6 29. a3 g4 30. Rc1 Na4 31. fxg4 Bxg4 1/2-1/2

[Event "IECG TE.2004.P.01702 email"]
[Site "IECG email"]
[Date "2004.12.27"]
[Round "?"]
[White "Sala, Stefano"]
[Black "Naasen, Nils"]
[Result "1/2-1/2"]
[WhiteElo "1395"]
[BlackElo "1916"]
[PlyCount "65"]
[EventDate "2004.12.27"]
[EventType "tourn (corr)"]
[EventRounds "8"]
[SourceTitle "Corr 2008"]
[Source "ChessBase"]
[SourceDate "2008.06.24"]
[SourceVersion "1"]
[SourceVersionDate "2008.06.24"]
[SourceQuality "1"]

1. b4 e5 2. Bb2 f6 3. e3 Bxb4 4. c3 Ba5 5. d4 Ne7 6. dxe5 fxe5 7. Qh5+ Ng6 8. Bd3 0-0 9. Bxg6 hxg6 10. Qxe5 d5 11. Nf3 c5 12. Qg5 Qxg5 13. Nxg5 Nc6 14. 0-0 Bf5 15. Rd1 Ne5 16. Nd2 Nd3 17. Nb3 Bd8 18. Rxd3 Bxd3 19. Nxc5 Bc4 20. Nge6 Rf7 21. Nxd8 Rxd8 22. Ne6 Rd6 23. Nd4 Rb6 24. Bc1 Bd3 25. h3 Rc7 26. a3 Rxc3 27. Bd2 Rc8 28. Bb4 Kf7 29. Nf3 Be4 30. Nd4 Bd3 31. Rd1 Bc4 32. Rd2 Rf6 33. Kh2 1/2-1/2

[Event "IECG TE.2004.P.01704 email"]
[Site "IECG email"]
[Date "2004.12.27"]
[Round "?"]
[White "Sijses, Wim"]
[Black "Naasen, Nils"]
[Result "0-1"]
[WhiteElo "800"]
[BlackElo "1916"]
[PlyCount "52"]
[EventDate "2004.12.27"]
[EventType "tourn (corr)"]
[EventRounds "8"]
[SourceTitle "Corr 2008"]
[Source "ChessBase"]
[SourceDate "2008.06.24"]
[SourceVersion "1"]
[SourceVersionDate "2008.06.24"]
[SourceQuality "1"]

1. b4 e5 2. Bb2 f6 3. a3 d5 4. e3 Be6 5. d4 Nd7 6. Nf3 a5 7. dxe5 fxe5 8. Nxe5 Ngf6 9. Nxd7 Qxd7 10. bxa5 Rxa5 11. Nd2 Bd6 12. Bd3 0-0 13. 0-0 Qe7 14. Nb3 Raa8 15. Nd4 c6 16. Nxe6 Qxe6 17. h3 Bc7 18. Qf3 Qd6 19. g3 b5 20. Qf4 Ne4 21. Qxd6 Nxd6 22. Bc3 c5 23. Be5 Ne8 24. Bb2 Nd6 25. Be2 Nc4 26. Bxc4 dxc4 0-1

[Event "IECG CB.2004.0.00125 email"]
[Site "IECG email"]
[Date "2004.11.17"]
[Round "?"]
[White "Massie, James"]
[Black "Naasen, Nils"]
[Result "1/2-1/2"]
[WhiteElo "1969"]
[BlackElo "1916"]
[PlyCount "107"]
[EventDate "2004.11.17"]
[EventType "tourn (corr)"]
[EventRounds "6"]
[SourceTitle "Corr 2008"]
[Source "ChessBase"]
[SourceDate "2008.06.24"]
[SourceVersion "1"]
[SourceVersionDate "2008.06.24"]
[SourceQuality "1"]

1. d4 Nf6 2. Nf3 d5 3. Bg5 c5 4. e3 Qb6 5. Qc1 cxd4 6. exd4 Nc6 7. c3 h6 8. Bf4 Bf5 9. Be2 g5 10. Be3 Bg7 11. Ne5 Rc8 12. 0-0 Qc7 13. f4 g4 14. Nd2 e6 15. Qd1 h5 16. Nb3 Ne4 17. Bd3 0-0 18. Rc1 Nd6 19. Re1 Ne7 20. Nc5 b6 21. Bxf5 Nexf5 22. Ncd3 f6 23. Ng6 Rfe8 24. Bf2 Ne4 25. Qe2 Kh7 26. Nh4 Nfd6 27. g3 Qc4 28. Ng2 a5 29. a3 Qb5 30. Kh1 Nf5 31. Kg1 Rc7 32. Ne3 Nfd6 33. Kg2 Bh6 34. Bg1 a4 35. Nf2 Qd7 36. Nxe4 Nxe4 37. Qd3 f5 38. Bf2 h4 39. Nf1 Rh8 40. Nd2 hxg3 41. hxg3 b5 42. Rh1 Kg8 43. Rh2 Bg7 44. Rxh8+ Kxh8 45. Rh1+ Kg8 46. Qe2 Nd6 47. Nf1 Nc4 48. Ne3 Qc6 49. Rh2 Rc8 50. Nc2 Kf7 51. Ne3 Rh8 52. Rxh8 Bxh8 53. Nxc4 dxc4+ 54. Kg1 1/2-1/2

[Event "IECG CB.2004.0.00125 email"]
[Site "IECG email"]
[Date "2004.11.17"]
[Round "?"]
[White "Van Bommel, Ton"]
[Black "Naasen, Nils"]
[Result "1-0"]
[WhiteElo "1987"]
[BlackElo "1916"]
[PlyCount "39"]
[EventDate "2004.11.17"]
[EventType "tourn (corr)"]
[EventRounds "6"]
[SourceTitle "Corr 2008"]
[Source "ChessBase"]
[SourceDate "2008.06.24"]
[SourceVersion "1"]
[SourceVersionDate "2008.06.24"]
[SourceQuality "1"]

1. d4 Nf6 2. c4 g6 3. g3 Bg7 4. Nf3 0-0 5. Bg2 d5 6. 0-0 c6 7. Nbd2 Bf5 8. b3 Qa5 9. a4 Nbd7 10. Ba3 Rfe8 11. Nh4 Be6 12. Qc2 Rac8 13. Rfc1 dxc4 14. bxc4 Nb6 15. Nhf3 Na8 16. Rcb1 Nd7 17. h3 Nab6 18. c5 Qxa4 19. Qc1 Nd5 20. e4 1-0

[Event "IECG CB.2004.0.00118 email"]
[Site "IECG email"]
[Date "2004.07.14"]
[Round "?"]
[White "Naasen, Nils"]
[Black "Laczay, Istvan"]
[Result "1/2-1/2"]
[WhiteElo "1800"]
[BlackElo "1939"]
[PlyCount "46"]
[EventDate "2004.07.14"]
[EventType "tourn (corr)"]
[EventRounds "6"]
[SourceTitle "Corr 2008"]
[Source "ChessBase"]
[SourceDate "2008.06.24"]
[SourceVersion "1"]
[SourceVersionDate "2008.06.24"]
[SourceQuality "1"]

1. e4 c5 2. Nf3 d6 3. d4 cxd4 4. Nxd4 Nf6 5. Nc3 g6 6. Be3 Bg7 7. f3 0-0 8. Qd2 Nc6 9. Bc4 Nd7 10. h4 Nb6 11. Bb3 Na5 12. Qd3 Nxb3 13. axb3 d5 14. Nde2 Be6 15. 0-0-0 dxe4 16. Qxe4 Qc7 17. h5 Qe5 18. Qxe5 Bxe5 19. Nf4 Bxf4 20. Bxf4 Rad8 21. hxg6 Rxd1+ 22. Kxd1 hxg6 23. Be5 f6 1/2-1/2

[Event "IECG CB.2004.0.00112 email"]
[Site "IECG email"]
[Date "2004.04.23"]
[Round "?"]
[White "Naasen, Nils"]
[Black "Laczay, Istvan"]
[Result "1/2-1/2"]
[WhiteElo "1800"]
[BlackElo "1877"]
[PlyCount "57"]
[EventDate "2004.04.23"]
[EventType "tourn (corr)"]
[EventRounds "6"]
[SourceTitle "Corr 2008"]
[Source "ChessBase"]
[SourceDate "2008.06.24"]
[SourceVersion "1"]
[SourceVersionDate "2008.06.24"]
[SourceQuality "1"]

1. Nf3 c5 2. c4 Nc6 3. Nc3 Nf6 4. g3 b6 5. Bg2 Bb7 6. 0-0 e6 7. d3 Be7 8. Bg5 0-0 9. e4 d6 10. e5 dxe5 11. Nxe5 Nxe5 12. Bxb7 Rb8 13. Bxf6 gxf6 14. Bg2 Qxd3 15. Qxd3 Nxd3 16. b3 Rbd8 17. Nb5 a6 18. Na7 Rd6 19. Nc6 Re8 20. Rad1 f5 21. f4 Bf6 22. Rf3 Rxc6 23. Rfxd3 Rcc8 24. Rd7 Bd4+ 25. Kf1 Red8 26. Ra7 a5 27. Bf3 Rd6 28. Bh5 Rf8 29. Kg2 1/2-1/2

[Event "IECG CB.2004.0.00112 email"]
[Site "IECG email"]
[Date "2004.04.23"]
[Round "?"]
[White "Naasen, Nils"]
[Black "Law, Stephen"]
[Result "1-0"]
[WhiteElo "1800"]
[BlackElo "1916"]
[PlyCount "57"]
[EventDate "2004.04.23"]
[EventType "tourn (corr)"]
[EventRounds "6"]
[SourceTitle "Corr 2008"]
[Source "ChessBase"]
[SourceDate "2008.06.24"]
[SourceVersion "1"]
[SourceVersionDate "2008.06.24"]
[SourceQuality "1"]

1. Nf3 d5 2. g3 b6 3. Bg2 Bb7 4. 0-0 g6 5. d4 Nf6 6. Ne5 Bg7 7. c4 0-0 8. Nc3 e6 9. Bg5 h6 10. Bf4 Nbd7 11. Rc1 c6 12. cxd5 exd5 13. Qc2 Nh5 14. Nxg6 fxg6 15. Bxh6 Qf6 16. Bxg7 Kxg7 17. e4 Qxd4 18. exd5 Ne5 19. dxc6 Ba6 20. Rfd1 Qg4 21. c7 Nf3+ 22. Bxf3 Qxf3 23. Rd7+ Kh8 24. Qd2 Kg8 25. Nd5 Rae8 26. c8Q Bxc8 27. Rxc8 Re2 28. Rxf8+ Kxf8 29. Qb4+ 1-0

[Event "IECG CB.2004.0.00112 email"]
[Site "IECG email"]
[Date "2004.04.23"]
[Round "?"]
[White "Naasen, Nils"]
[Black "Silva, Avelino Jose Branqu"]
[Result "1-0"]
[WhiteElo "1800"]
[BlackElo "1935"]
[PlyCount "33"]
[EventDate "2004.04.23"]
[EventType "tourn (corr)"]
[EventRounds "6"]
[SourceTitle "Corr 2008"]
[Source "ChessBase"]
[SourceDate "2008.06.24"]
[SourceVersion "1"]
[SourceVersionDate "2008.06.24"]
[SourceQuality "1"]

1. Nf3 c5 2. c4 Nf6 3. Nc3 Nc6 4. g3 e6 5. Bg2 d5 6. cxd5 exd5 7. d4 Be7 8. 0-0 0-0 9. dxc5 Bxc5 10. Bg5 d4 11. Bxf6 Qxf6 12. Ne4 Qe7 13. Nxc5 Qxc5 14. Rc1 Qb6 15. Qc2 h6 16. Rfd1 Be6 17. b3 1-0